• 首页
  • 本馆介绍
  • 公告通知
  • 最新文献
  • 馆藏检索
  • 电子资源
  • 读者导购
  • 参考咨询
  • 我的图书馆
  • 登录
  • 详细信息显示
  • 放入我的书架
  • 预约/预借图书
  • 作者相关作品
  • 分类相关作品
  • 丛书相关作品
  • 出版社相关作品

书目信息

  • 表格格式
  • 工作单格式
  • 卡片格式
题名:
超大规模集成电路技术
    
 
作者: 施敏 , Sye 主编 ;章定康 , 沈文正 , 刘佑宝 , 林达全 译
分册:  
出版信息: 北京   科学出版社  1987
页数: 736页
开本: 20cm
丛书名:
单 册:
中图分类: TN47
科图分类:
主题词: 超大规模集成电路--电子技术
电子资源:
ISBN:
000 00967nam0 2200325 45
001 0187006156
005 20040519152541.2
010    @b精装@dCNY7.70
091    @a15031.873
100    @a19901126d1987 emky0chiy0121 ea
101 1  @achi@ceng
102    @aCN@b110000
105    @ay z 001yy
106    @ar
200 10 @a超大规模集成电路技术@Achao da gui mo ji cheng dian lu ji shu@f(美)施敏(Sye,S.M.)主编@g章定康等译
210    @a北京@c科学出版社@d1987
215    @a736页@d20cm
300    @a书名原文: VLSI technology
510 1  @aVLSI technology@zeng
606    @a超大规模集成电路@x电子技术
690    @aTN47@v3 
701  1 @a施敏@Ashi min@bS.M.@4主编
701 A1 @aSye@bS.M.@4主编
702  0 @a章定康@Azhang ding kang@4译
702  0 @a沈文正@Ashen wen zheng@4译
702  0 @a刘佑宝@Aliu you bao@4译
702  0 @a林达全@Alin da quan@4译
801  0 @aCN@b深圳图书馆@c20040519
801  2 @aCN@bNLC@c20040519
905    @f1@b203933@dTN47@e59
    
    超大规模集成电路技术/(美)施敏(Sye,S.M.)主编/章定康等译.-北京:科学出版社,1987
    736页;20cm
    书名原文: VLSI technology
    
    ISBN (精装):CNY7.70
    
●
相关链接 在E读中查询图书 在五车中查询图书 在当当中查询图书 在豆瓣中查询图书


正题名:超大规模集成电路技术     索取号:TN47/59         预约/预借

序号 登录号 条形码 馆藏地/架位号 状态 备注
1 0203933   001353181   第三借阅区/ [索取号:TN47/59] 在馆    
2 0203934   001353225   第二样本阅览室/ [索取号:TN47/59] 在馆    
唐山师范学院图书馆 欢迎您!
大连网信软件有限公司© 版权所有